Statistics for Cookie Run Ovenbreak: All Cookies

Click here to take the quiz!

General Stats

  • This quiz has been taken 75 times
    (70 since last reset)
  • The average score is 45 of 130

Answer Stats

Cookies% Correct
Gingerbrave
83%
Strawberry Cookie
76%
Sea Fairy Cookie
65%
Dark Choco Cookie
61%
Fire Spirit Cookie
61%
Wizard Cookie
61%
Gingerbright
59%
Moonlight Cookie
59%
Vampire Cookie
59%
Lime Cookie
57%
Adventurer Cookie
54%
Alchemist Cookie
54%
Lemon Cookie
54%
Orange Cookie
54%
Angel Cookie
52%
Blackberry Cookie
52%
Knight Cookie
52%
Princess Cookie
52%
Devil Cookie
50%
Mango Cookie
50%
Milk Cookie
50%
Apple Cookie
48%
Dark Enchantress Cookie
48%
Sorbet Shark Cookie
48%
Wind Archer Cookie
48%
Herb Cookie
46%
Sparkling Cookie
46%
Carrot Cookie
43%
Cherry Cookie
43%
Licorice Cookie
43%
Mint Choco Cookie
43%
Ninja Cookie
43%
Onion Cookie
43%
Purple Yam Cookie
43%
Millennial Tree Cookie
41%
Muscle Cookie
41%
Timekeeper Cookie
41%
Werewolf Cookie
41%
Cream Puff Cookie
39%
Fig Cookie
39%
Squid Ink Cookie
39%
Banana Cookie
37%
Beet Cookie
37%
Chili Pepper Cookie
37%
Cocoa Cookie
37%
Cotton Candy Cookie
37%
Hero Cookie
37%
Pirate Cookie
37%
Skater Cookie
37%
Zombie Cookie
37%
Avocado Cookie
35%
Cinnamon Cookie
35%
Pancake Cookie
35%
Pilot Cookie
35%
Pomegranate Cookie
35%
Raspberry Mousse Cookie
35%
Tiger Lily Cookie
35%
Walnut Cookie
35%
Cherry Blossom Cookie
33%
Cookiemals
33%
Croissant Cookie
33%
Dr. Wasabi Cookie
33%
Grapefruit Cookie
33%
Salt Cookie
33%
Spinach Cookie
33%
Cream Unicorn Cookie
30%
Gumball Cookie
30%
Ion Cookie Robot
30%
Kumiho Cookie
30%
Mala Sauce Cookie
30%
Peach Cookie
30%
Peppermint Cookie
30%
Pitaya Dragon Cookie
30%
Rose Cookie
30%
Sandwich Cookie
30%
Shining Glitter Cookie
30%
Soda Cookie
30%
Whipped Cream Cookie
30%
Birthday Cake Cookie
28%
Blueberry Pie Cookie
28%
Carol Cookie
28%
Cheerleader Cookie
28%
Dino-Sour Cookie
28%
DJ Cookie
28%
Moon Rabbit Cookie
28%
Pink Choco Cookie
28%
Popcorn Cookie
28%
Popping Candy Cookie
28%
Snow Sugar Cookie
28%
Space Doughnut
28%
White Choco Cookie
28%
Ananas Dragon Cookie
26%
Captain Ice Cookie
26%
Cheesecake Cookie
26%
Chess Choco Cookie
26%
Chestnut Cookie
26%
Earl Grey Cookie
26%
Fairy Cookie
26%
Kiwi Cookie
26%
Mustard Cookie
26%
Rockstar Cookie
26%
Yogurt Cream Cookie
26%
Churro Cookie
24%
Cyborg Cookie
24%
Starfruit Cookie
24%
Macaron Cookie
24%
Mocha Ray Cookie
24%
Pistachio Cookie
24%
Plum Cookie
24%
Red Pepper Cookie
24%
Goblin Cookie
22%
Ice Juggler Cookie
22%
Lobster Cookie
22%
Marshmallow Cookie
22%
Matcha Cookie
22%
Melon Bun Cookie
22%
Pudding Cookie
22%
Yoga Cookie
22%
Leek Cookie
20%
Truffle Cookie
20%
Prophet Cookie
17%
Red Bean Cookie
17%
Roll Cake Cookie
17%
Cookiedroid
15%
Ice Candy Cookie
15%
Skating Queen Cookie
15%
Firecracker Cookie
13%
General Jujube Cookie
13%
Rougefort Cookie
11%
Bell Pepper Cookie
2%

Score Distribution

Percentile by Number Answered

Percent of People with Each Score

Your Score History

You have not taken this quiz since the last reset